000 01542nam a2200373 c 4500
003 BLK
005 20250729090206.0
008 180410b bul|||||r ||||||| ||bul||
010 _aKNG00151788000
020 _a978-619-165-008-8
_bиздат.: Ергон
040 _aBLK
041 _aBUL
_cBUL
072 7 _2bullib
_aН83
_xЧужда художествена литература Н
080 _aАмериканска литература (на САЩ)
_b821.111(73)
_x-31
_z821.111(73)-31
100 1 _aКлейпас, Лайза
_eпърви автор
_979634
700 1 _aРайкова, Диана Христова
_eпрев.
_9368973
139 _aКлейпас, Лайза
_bК 63
245 1 0 _aЛюбовни писма
_bРоман
_cЛайза Клейпас; прев. Диана Христова Райкова.
257 _aUSA
260 София
_bЕргон
_c2013
_fСофия : Инвестпрес
300 _a304 с.
_c20 см
380 _aX
490 1 _aБиблиотека Любов и Съдба
490 1 _3Подсерия
_aСага Хатауей
_vКн. 6
500 _aОриг. загл. Love in the Afternoon / Lisa Kleypas. - Кн. 6 от сагата "Хатауей".
653 _aромантична проза
659 _aН
852 _aЦб 265367
856 4 _qpdf
_u
856 4 _qpdf
_u
942 _cKNG
_n0
_021
944 _aCR
_c15.10.2013
_lМартин Енчев
_k30575
944 _aED
_c16.09.2015
_lф /
_kПенка_Димитрова
999 _c145606
_d145606